Nueva ley impuesto IVA: D.L. 825: incluye resoluciones del S.I.I

Na minha lista:
Detalhes bibliográficos
Autor principal: González Moya, Carlos A (Autor)
Formato: Livro
Idioma:espanhol
Publicado em: Santiago Jurídica Publiley 1989
Assuntos:
Tags: Adicionar Tag
Sem tags, seja o primeiro a adicionar uma tag!

MARC

LEADER 00000nam a2200000 a 4500
001 UCW2750
003 CL-VaPUC
008 890828e19890000CL |||||||||||||||||spa|d
082 0 4 |a 343.055  |b GON  |2 21 
100 |a González Moya, Carlos A  |e author  |9 601486 
245 1 0 |a Nueva ley impuesto IVA: D.L. 825: incluye resoluciones del S.I.I 
300 |a 76 p 
942 |c BK 
945 |d 19890828 00:00:00 
260 |a Santiago  |b Jurídica Publiley  |c 1989 
650 0 |a Impuesto al Valor Agregado (IVA)  |9 258896 
650 0 |a Derecho y legislación   |9 255077 
651 7 |a CHILE  |2 CL-VaPUC  |9 307027 
583 |a last modification  |c 19890828 00:00:00  |k Rodrigo Vera 
999 |c 217208  |d 217206 
952 |0 0  |1 0  |2 ddc  |4 0  |6 343_055000000000000_GON_1989  |7 0  |8 P  |9 204172  |a BIBGIM  |b BIBGIM  |c PAC  |d 2019-11-15  |i 2713861  |o 343.055 GON 1989  |p 2713861  |r 2025-01-15  |w 2019-11-15  |y BK  |k COM 
952 |0 0  |1 0  |2 ddc  |4 0  |6 343_055000000000000_GON_1989  |7 0  |8 P  |9 204173  |a BIBGIM  |b BIBGIM  |c PAC  |d 2019-11-15  |i 271387K  |o 343.055 GON 1989  |p 271387K  |r 2025-01-15  |w 2019-11-15  |y BK  |k COM 
952 |0 0  |1 0  |2 ddc  |4 0  |6 343_055000000000000_GON_1989  |7 0  |8 P  |9 204174  |a BIBGIM  |b BIBGIM  |c PAC  |d 2019-11-15  |i 2713888  |o 343.055 GON 1989  |p 2713888  |r 2025-01-15  |w 2019-11-15  |y BK  |k COM